000 00293nam a2200121Ia 4500
100 _aDuthie/Andrew G
942 _cBK
654 _aASP.net
245 _aMicrosoft ASP.NET programming with visual C#.NET Step by step
260 _bPearson Education
_c2002
300 _a926
546 _aENGLISH
999 _c30133
_d30133